| 000 | 01730 a2200349 4500 | ||
|---|---|---|---|
| 999 |
_c200422594 _d2917 |
||
| 001 | 200422594 | ||
| 003 | TR-AnTOB | ||
| 005 | 20230515172650.0 | ||
| 008 | 150731s2015 tu 000 0 | ||
| 020 | _a9780821396216 | ||
| 020 | _a9780821396223 (electronic) | ||
| 040 |
_aTR-AnTOB _beng _erda _cTR-AnTOB |
||
| 041 | 0 | _aeng | |
| 050 | 0 | 0 |
_aJC599.D44 _bI68 2012 |
| 090 | _aJC599.D44 I68 2012 | ||
| 245 | 1 | 0 |
_aIntegrating human rights into development : _bdonor approaches, experiences and challenges / _cA joint publication of the OECD and World Bank. |
| 250 | _a2nd edition | ||
| 264 |
_aWashington, D.C. : _bWorld Bank, _c2012. |
||
| 264 |
_b, _c@2012 |
||
| 300 |
_axxxvii, 269 pages ; _c23 cm. |
||
| 336 |
_atext _2rdacontent |
||
| 337 |
_aunmediated _2rdamedia |
||
| 338 |
_avolume _2rdacarrier |
||
| 504 | _aIncludes bibliographical references and index. | ||
| 505 | _aI. Front Matter -- II. Donor Policies and Rationales -- III. Donor Approaches to Development Programming -- IV. Preliminary Lessons: Integrating Human Rights Dimensions, Principles, and Obligations -- V. Challenges and Opportunities -- VI. The Realization of Human Rights Policies 143 UNICEF 143 -- VII. Experiences Applying Tools -- VIII. Experiences from Country Programs -- IX . Experiences from Specific Projects and Programs -- X. The Human Rights–Based Approach to Development Co-operation—Towards a Common Understanding among UN Agencies -- XI.Back Matter | ||
| 590 | _aDonated by The World Bank/TEPAV | ||
| 650 | 0 | 0 |
_aEducation _zDeveloping countries _94738 |
| 650 | 0 | 7 |
_aİnsan hakları _zGelişmekte olan ülkeler _2etuturkob _933284 |
| 650 | 0 | 0 |
_aEkonomik kalkınma _99621 |
| 942 |
_cBK _2lcc |
||